| 000 | 00688nam a22002650a 4500 | ||
|---|---|---|---|
| 001 | PT36330 | ||
| 003 | AR-LpoUNG | ||
| 005 | 20250227144937.0 | ||
| 008 | 191001s2009||||ag |||||||||||||||||spa d | ||
| 020 |
_a9789870401384 _c$5 |
||
| 040 |
_aAR-LpoUNG _bspa _cAR-LpoUNG _eaacr |
||
| 041 | 0 | _aspa | |
| 044 | _aag | ||
| 082 | 0 | _a808.068 3 226tin | |
| 100 | 1 | _aBornemann, Elsa | |
| 245 | 1 | 0 |
_aTinke - tinke : _bversicuentos |
| 250 | _a2da. ed. | ||
| 260 |
_aBuenos Aires : _bAlfaguara, _c2009. |
||
| 300 |
_a148 p. : _bil. |
||
| 505 | 0 | _aSugerido a partir de 8 aƱos (etiqueta CELESTE) | |
| 650 | 4 | _aCUENTOS | |
| 653 | 0 | _aLITERATURA INFANTIL | |
| 905 | _a36330 | ||
| 942 |
_cLIB _2ddc |
||
| 999 |
_c3011 _d3011 |
||